| 000 | 00392nam a22001457a 4500 | ||
|---|---|---|---|
| 008 | 250630b |||||||| |||| 00| 0 eng d | ||
| 020 | _a1901092240 | ||
| 050 |
_aNA682.M63 _b.N67 |
||
| 100 | _aNorberg-schulz Christian | ||
| 245 | _aPrinciples of modern architecture | ||
| 260 |
_aLondon _bAndreas papadakis |
||
| 300 |
_a136p. _bill. |
||
| 650 | _amodern movement (architecture) | ||
| 942 | _cBK | ||
| 999 |
_c4004 _d4004 |
||